000
00312 a2200145 4500
001
71794
020
_a
040
_c
Anchieta - Colégio São Paulo
240
1
0
_a
Lebrinha e lebrete
_l
por
245
1
0
_a
Lebrinha e lebrete
300
_a
13
362
0
_a
0
650
4
_a
Literatura infanto-juvenil
942
_c
BK
999
_c
71794
_d
71794